000 00450nam a2200157 i 4500
001 bg
100 1 _aMAURIN, Lidia
245 0 _aMatematyka :
_bpodręcznik dla studentów wydziałów chemicznych. T.2 /
_cLidia Maurin, Maciej Mączyński, Tadeusz Traczyk.
260 _aWarszawa,
_c1975.
700 1 _aMĄCZYŃSKI, Maciej
700 1 _aTRACZYK, Tadeusz
040 _cBPK
041 _apol
942 _cKS
008 s pl f |000 0 pol
999 _c268
_d268
856 _uhttp://koha.tu.koszalin.pl/cgi-bin/koha/opac-detail.pl?biblionumber=268
_yKatalog online BPK